000 00518nam a2200193 a 4500
001 1761542591779
003 ACL
005 20251027105431.0
008 251027s2003##################000#0#eng##
020 _a9780333794647
082 0 4 _a658.848
_bCHR
100 1 _aChryssochoidis, G.,
_eauthor.
245 1 0 _aRolling Out New Products Across International Markets :
260 _bPalgrave Macmillan,
_c2003.
300 _a249 pages
650 0 _aBusiness & Economics.
942 _cENGLISH
040 _aACL
_beng
_cACL
999 _c594248
_d594248